Выбор катастроф; От гибели Вселенной до энергетического кризиса: пер. с англ.; Роман

Bibliographic Details
Main Author: Азимов А. Айзек
Language:Russian
Published: СПб., Амфора, 2001
Series:Эврика
Subjects:
Format: Book
KOHA link:https://koha.lib.tpu.ru/cgi-bin/koha/opac-detail.pl?biblionumber=37724

MARC

LEADER 00000nam0a2200000 4500
001 37724
005 20231101210441.0
010 |a 5942781354 
035 |a (RuTPU)RU\TPU\book\38314 
090 |a 37724 
100 |a 20020129d2001 m y0rusy50 ca 
101 1 |a rus 
102 |a RU 
105 |a a z 000zy 
200 1 |a Выбор катастроф  |a От гибели Вселенной до энергетического кризиса  |e пер. с англ.  |e Роман  |f А. Азимов 
210 |a СПб.  |c Амфора  |d 2001 
215 |a 510 с.  |c ил. 
225 1 |a Эврика 
610 1 |a катастрофы 
610 1 |a Страшный суд 
610 1 |a энтропия 
610 1 |a Вселенная 
610 1 |a звезды 
610 1 |a Солнце 
610 1 |a кометы 
610 1 |a астероиды 
610 1 |a метеориты 
610 1 |a конфликт интеллектов 
610 1 |a ресурсы 
610 1 |a истощение 
610 1 |a виды 
610 1 |a конкуренция 
675 |a 82  |v 3 
700 1 |a Азимов  |b А.  |c американский писатель-фантаст  |f 1920-1992  |g Айзек  |2 stltpush  |3 (RuTPU)RU\TPU\pers\36273  |9 19349 
801 1 |a RU  |b 63413507  |c 20020129  |g PSBO 
801 2 |a RU  |b 63413507  |c 20160303  |g PSBO 
942 |c BK